Normal view
MARC view
- Doing Second Language Research
Entry Topical Term
001 - CONTROL NUMBER
- control field: 1638
003 - CONTROL NUMBER IDENTIFIER
- control field: JO-AjAnu
005 - DATE AND TIME OF LATEST TRANSACTION
- control field: 20230606070554.0
008 - FIXED-LENGTH DATA ELEMENTS
- fixed length control field: 230606|| aca||aabn | a|a d
040 ## - CATALOGING SOURCE
- Original cataloging agency: JO-AjAnu
- Transcribing agency: JO-AjAnu
150 ## - HEADING--TOPICAL TERM
- Topical term or geographic name entry element: Doing Second Language Research
670 ## - SOURCE DATA FOUND
- Source citation: Work cat.: (JO-AjAnu)859: Brown,james Dean تأليف/S.Rodgers,Theodore تأليف, author 1637, Doing Second Language Research